[Event "Bicaz City Cup 2020"]
[Site "Bicaz"]
[Date "2020.03.07"]
[Round "4.7"]
[White "Arghirescu, Marius"]
[Black "Andronescu, Madalin"]
[Result "0-1"]
[WhiteElo "1759"]
[BlackElo "2148"]
[Annotator "TA"]
[PlyCount "58"]
[EventDate "2020.03.05"]
[EventType "swiss"]
[EventCountry "ROU"]
[SourceTitle "playchess.com"]
[Source "ChessBase"]
[SourceQuality "1"]

{[%evp 12,58,0,-16,-7,-10,6,-107,-53,-55,-56,-53,-57,-58,-59,-100,-96,-83,-84,-179,-190,-238,-227,-361,-315,-307,-311,-297,-306,-306,-309,-306,-301,-301,-293,-358,-367,-345,-360,-350,-354,-509,-507,-599,-597,-688,-679,-735,-710]} 1. b3 e5 2. Bb2 Nc6 3. e3 d5 4. Bb5 Bd6 5. f4 f6 6. Qh5+ g6 7. Qh4 exf4 {A01: Nimzowitsch-Larsen Opening.} 8. Nf3 Bd7 {[#]} 9. a3 $146 (9. Nc3 $11) ({Predecessor:} 9. O-O Nce7 10. Bxd7+ Qxd7 11. exf4 O-O-O 12. Nc3 Nf5 13. Qf2 d4 14. Ne2 Bc5 15. Nc1 {½-½ (60) Ondersteijn,N (2397)-Beukes,D (2130) Prague 2019}) 9... Ne5 (9... fxe3 $17 10. dxe3 Qe7) 10. Nxe5 $15 Bxe5 11. Bxd7+ Qxd7 12. Bxe5 fxe5 13. O-O {White is on the road to losing.} fxe3 14. dxe3 Ne7 15. Qf6 (15. c4 $17) 15... O-O-O $19 16. Qxe5 {[#]} Nf5 $1 17. Rxf5 (17. Qc3 $142) 17... Qxf5 18. Qxf5+ gxf5 {[%mdl 4096] Endgame KRR-KRN} 19. Nd2 Rhe8 20. Kf2 d4 21. exd4 Rxd4 22. Nf3 Rde4 23. Re1 Rxe1 24. Nxe1 {KR-KN} Kd7 25. Nd3 Kd6 26. c4 (26. Nf4 {was called for.}) 26... c6 {Black is clearly winning.} 27. Kf3 b5 28. cxb5 cxb5 29. Kf2 Rc8 {Accuracy: White = 37%, Black = 92%.} 0-1

[Event "Bicaz City Cup 2020"]
[Site "Bicaz"]
[Date "2020.03.07"]
[Round "4.8"]
[White "Filip, Andrei"]
[Black "Visoescu, Alexandru-Bogdan"]
[Result "1-0"]
[WhiteElo "2103"]
[BlackElo "1756"]
[Annotator "TA"]
[PlyCount "39"]
[EventDate "2020.03.05"]
[EventType "swiss"]
[EventCountry "ROU"]
[SourceTitle "playchess.com"]
[Source "ChessBase"]
[SourceQuality "1"]

{[%evp 21,39,27,33,38,44,42,77,84,87,70,136,133,147,140,270,77,81,68,29997,29998]} 1. e4 c5 2. Nf3 d6 3. d4 cxd4 4. Nxd4 Nf6 5. Nc3 Nc6 6. Bg5 e6 7. Qd2 a6 8. O-O-O h6 9. Nxc6 bxc6 10. Bf4 d5 11. Qe3 Be7 12. Be2 {B66: Sicilian: Richter-Rauzer: 7...a6 8 0-0-0 h6.} Qa5 13. Qg3 g6 14. Be5 {[#] White is better.} Rg8 $146 ({Predecessor:} 14... O-O 15. h4 Nd7 16. Bc7 Qc5 17. exd5 cxd5 18. Bd3 Kh7 19. h5 Rg8 20. hxg6+ fxg6 21. Bf4 Bf8 22. Qg5 {1-0 (22) Ilyuchyk,Y (2114)-Zavala Galindo,A (1713) Batumi 2018}) 15. Bd6 Bd8 ({Black should play} 15... Bb7 $14) 16. Bf3 $16 Bb7 17. Rhe1 g5 {[#]} (17... Be7 $16 18. Bxe7 Kxe7) 18. exd5 $2 (18. e5 $1 $18 {[%cal Re5f6] and the rest is easy.} Nd7 19. Bh5) 18... cxd5 19. Qe5 {Strongly threatening Nxd5.} Nd7 $2 {[%mdl 8192] [#]} (19... g4 $14 20. Nxd5 Bxd5 21. Bxd5 Nxd5) 20. Qxe6+ $1 {[%mdl 512] Accuracy: White = 76%, Black = 27%.} 1-0

[Event "Bicaz City Cup 2020"]
[Site "Bicaz"]
[Date "2020.03.07"]
[Round "4.9"]
[White "Cucu, Ioan-Mircea"]
[Black "Vilcu, Matei-Stefan"]
[Result "0-1"]
[WhiteElo "1737"]
[BlackElo "2037"]
[Annotator "TA"]
[PlyCount "82"]
[EventDate "2020.03.05"]
[EventType "swiss"]
[EventCountry "ROU"]
[SourceTitle "playchess.com"]
[Source "ChessBase"]
[SourceQuality "1"]

{[%evp 9,82,0,3,-14,10,-2,-4,-4,-2,1,18,-17,12,-13,0,0,0,-18,0,-4,0,-42,-44,-41,-47,-48,-50,-82,-84,-65,-69,-121,-134,-132,-128,-122,-127,-120,-116,-322,-316,-316,-310,-451,-451,-451,-451,-451,-448,-459,-466,-622,-622,-601,-601,-606,-600,-794,-786,-768,-761,-815,-808,-838,-848,-783,-766,-1446,-1327,-29986,-29987,-29987,-29988,-29984,-29972]} 1. e4 c5 2. Nf3 d6 3. c3 Nf6 4. Bc4 e6 5. d3 a6 6. a4 {B50: Sicilian: 2...d6, Miscellaneous.} b6 {[#]} 7. Bg5 $146 ({Predecessor:} 7. O-O Nbd7 8. Re1 Qc7 9. Bf4 Ne5 10. Nxe5 dxe5 11. Bg3 Bd6 12. Nd2 Bb7 13. Rc1 {1-0 (49) Magallanes,G (1989)-Ferre Campos,J (1970) Barcelona 2016}) 7... Bb7 8. Nbd2 {The position is equal.} Be7 9. O-O Nbd7 10. Re1 O-O 11. Nf1 h6 12. Bh4 Rc8 13. Rc1 d5 $36 {[%mdl 2048] White is under pressure.} 14. exd5 Nxd5 15. Bxe7 Qxe7 16. Bxd5 Bxd5 17. Ne3 Bb7 18. d4 Rfd8 19. Qe2 Qf6 20. Nc2 (20. Ng4 $15 Qf4 21. Ne3) 20... Bxf3 $17 21. Qxf3 Qxf3 22. gxf3 cxd4 23. Nxd4 Nc5 {...Nd3 is the strong threat.} 24. a5 $2 {[#] Loses the game.} (24. Ra1 $17) 24... Nd3 $19 ({Not} 24... bxa5 25. Re2 $17) 25. axb6 {intending b7.} Rd6 ({Don't do} 25... Nxe1 26. Rxe1 Rd6 27. b7 $19) 26. Red1 (26. b7 $142 Rb8 27. b4) 26... Nxc1 27. Rxc1 Rxb6 {[%mdl 4096] Endgame KRR-KRN} 28. Rc2 a5 {[%cal Ba6a5,Ba5a4,Ba4b3][%mdl 32]} 29. f4 a4 30. Kf1 Rcb8 31. b4 axb3 32. Rb2 f6 33. Ke2 e5 34. fxe5 fxe5 35. Nf3 Rc6 36. Nxe5 Rxc3 37. Nd3 Rd8 38. Nb4 Rd4 39. Na6 Rc2+ {[%mdl 64] [#] Double Attack. Black mates.} 40. Ke3 Rxb2 41. Kxd4 Ra2 {Accuracy: White = 44%, Black = 96%.} 0-1

[Event "Bicaz City Cup 2020"]
[Site "Bicaz"]
[Date "2020.03.07"]
[Round "4.10"]
[White "Arghirescu, Andrei"]
[Black "Racovita, Gheorghe"]
[Result "1-0"]
[WhiteElo "2015"]
[BlackElo "1705"]
[Annotator "TA"]
[PlyCount "42"]
[EventDate "2020.03.05"]
[EventType "swiss"]
[EventCountry "ROU"]
[SourceTitle "playchess.com"]
[Source "ChessBase"]
[SourceQuality "1"]

{[%evp 9,42,-13,7,-28,-18,-44,0,-7,-8,0,0,2,25,-18,5,-112,-115,-122,-97,-93,-22,-9,-10,-26,-6,-44,106,101,194,181,190,211,335,332,585]} 1. e4 d6 2. Nc3 Nf6 3. d3 Nbd7 4. Be3 e5 5. h3 Be7 {[#]} 6. Be2 $146 {B07: Pirc Defence: Miscellaneous Systems.} ({Predecessor:} 6. Qe2 c6 7. O-O-O b5 8. a3 a5 9. d4 Qc7 10. d5 b4 11. dxc6 Qxc6 12. Qb5 {0-1 (32) Pettigrew,S (1491)-Ainsborough,G (1580) ICCF email 2018}) 6... c6 7. f4 Qc7 8. fxe5 {The position is equal.} dxe5 9. Qd2 O-O 10. g4 Nc5 11. O-O-O b5 {[%cal Bb7b5,Bb5b4][%mdl 32]} 12. Bf3 (12. g5 $11 {remains equal.} Ne8 13. Bg4) 12... b4 $17 13. Nce2 {[#]} Rd8 $1 14. Qe1 Qa5 ({Black should play} 14... Ne6 $17) 15. Kb1 $1 $11 Be6 16. Nc1 $1 Qc7 17. g5 Ne8 (17... Nfd7 $15 {keeps the upper hand.}) 18. Bg4 $16 Bxg4 (18... Bc8 $16 {was called for.}) 19. hxg4 $18 Ne6 20. Nf3 c5 {[#]} (20... Bd6 $142 21. Qh4 Nf8) 21. Rxh7 $3 {[%mdl 512] Threatening mate with Qh1.} Nf8 $2 {Accuracy: White = 73%, Black = 45%.} ({Stronger than} 21... Kxh7 22. Qh4+ Kg8 23. Rh1 f5 24. Qh8+ Kf7 {[#]} 25. g6+ $1 {[%mdl 512]} Kf6 26. gxf5 Bf8 27. Qh4+ Ng5 28. Bxg5#) (21... Bxg5 {keeps fighting.} 22. Nxg5 (22. Bxg5 Kxh7 23. Qh4+ Kg8 $16) 22... Nxg5) 1-0

[Event "Bicaz City Cup 2020"]
[Site "Bicaz"]
[Date "2020.03.07"]
[Round "4.11"]
[White "Cucoanes, Andrei"]
[Black "Antal, Hunor-Zoltan"]
[Result "0-1"]
[WhiteElo "1730"]
[BlackElo "1989"]
[Annotator "TA"]
[PlyCount "62"]
[EventDate "2020.03.05"]
[EventType "swiss"]
[EventCountry "ROU"]
[SourceTitle "playchess.com"]
[Source "ChessBase"]
[SourceQuality "1"]

{[%evp 15,61,20,33,-7,0,-10,20,-7,9,0,-2,-40,-35,-59,-53,-87,-85,-89,-87,-89,-50,-37,-54,-62,17,25,32,32,64,0,0,-171,-143,-130,0,-178,-140,-415,-433,-1833,-1538,-2268,-2231,-2047,-1985,-29996,-29997,-29999]} 1. d4 Nf6 2. c4 e6 3. Nc3 d5 4. Nf3 dxc4 5. e3 a6 6. a4 Be7 7. Bxc4 O-O 8. O-O c5 9. b3 {D27: Queen's Gambit Accepted: Classical main line: 7 e4!? and 7 a4.} cxd4 10. Nxd4 {[#]} e5 $146 ({Predecessor:} 10... Qc7 11. Bb2 e5 12. Nf3 e4 13. Nd4 Qe5 14. Nde2 Nc6 15. Qb1 Ng4 16. Ng3 Bf6 17. Qxe4 Qxe4 18. Ngxe4 {½-½ (36) Lazarev,S (2404)-Khasin,A (2415) Korolev 1999}) 11. Nde2 {The position is equal.} Qc7 12. e4 Rd8 13. Qc2 (13. Nd5 {is more complex.} Nxd5 14. exd5 Nd7 15. Bb2 Nf6 16. Ng3) 13... Be6 14. Bxe6 fxe6 15. Qa2 Nc6 16. Ba3 Bxa3 17. Qxa3 Nd4 {Strongly threatening ...Nc2.} 18. Rac1 Qf7 19. f3 Nxe2+ (19... Nh5 $15) 20. Nxe2 $11 Rd2 21. Ng3 h5 22. Qc5 ({Better is} 22. h4 $14) 22... h4 23. Qe3 $2 (23. Qa5 $11 Rad8 24. Rf2) 23... Rad8 $36 {[%mdl 2048] White is under strong pressure.} 24. Nh1 {[#]} Qg6 (24... Nh5 $1 $17 {[%cal Rh5f4] And now ...Nf4 would win.} 25. Nf2 Nf4) 25. Rf2 $2 (25. Nf2 $1 $11 {and White is okay.}) 25... R2d4 ({Not} 25... Rd1+ 26. Rxd1 Rxd1+ 27. Rf1 $14) 26. Re2 $2 {[%mdl 8192] This costs White the game.} (26. Rff1 $17 {was the only chance.}) 26... Nh5 27. g3 (27. Nf2 $142 Nf4 {[%mdl 64] Double Attack} 28. Ng4) 27... hxg3 28. hxg3 Nxg3 29. Rg2 Rd1+ 30. Kh2 Nf1+ {[%mdl 64] [#] Double Attack} 31. Kh3 Qh5# {Accuracy: White = 32%, Black = 74%.} 0-1

[Event "Bicaz City Cup 2020"]
[Site "Bicaz"]
[Date "2020.03.07"]
[Round "4.12"]
[White "Mintau, Andrei-Catalin"]
[Black "Sabarez, Iulian"]
[Result "1-0"]
[WhiteElo "1984"]
[BlackElo "1567"]
[Annotator "TA"]
[PlyCount "75"]
[EventDate "2020.03.05"]
[EventType "swiss"]
[EventCountry "ROU"]
[SourceTitle "playchess.com"]
[Source "ChessBase"]
[SourceQuality "1"]

{[%evp 10,75,55,63,65,42,41,46,77,71,69,50,58,48,43,22,124,124,122,125,126,126,128,123,123,126,135,135,130,133,133,133,135,135,179,179,223,223,216,199,237,235,397,391,613,600,610,600,552,612,672,693,727,717,662,668,1085,1046,1156,1139,1968,1667,2039,1855,2737,2512,2431,2063]} 1. e4 e5 2. Nf3 Nc6 3. d4 exd4 4. Nxd4 Be7 5. Nc3 Nf6 6. Nxc6 dxc6 {C47: Scotch Four Knights and Four Knights with 4 g3.} 7. Bf4 Be6 8. Qxd8+ Bxd8 {White is slightly better.} 9. O-O-O O-O 10. Be2 Rc8 {[#]} 11. Bf3 $146 ({Predecessor:} 11. Rhe1 Be7 12. Bd3 Nh5 13. Bd2 Nf6 14. f4 Bg4 15. Ne2 Be6 16. f5 Bd7 17. h3 {1-0 (42) Dabringhaus,A (1944)-Botvinnik,A (1784) Germany 2012}) 11... Be7 12. e5 Nd5 {White now steadily converts the win.} (12... Nd7 $11) 13. Nxd5 $16 cxd5 14. Bxd5 Bxd5 15. Rxd5 Rfd8 16. Rhd1 Rxd5 17. Rxd5 {[%mdl 4096] Endgame KRB-KRB} Rd8 18. c4 c6 19. Rxd8+ Bxd8 {KB-KB} 20. Kc2 Kf8 21. Be3 b6 22. Kd3 Bc7 23. Bd4 Ke7 24. Ke4 Ke6 25. f4 c5 $2 {[#]} (25... f5+ 26. exf6 gxf6) 26. Bc3 $18 f5+ (26... Ke7 $142 27. Kd5 g6) 27. exf6 $1 {White is clearly winning.} gxf6 28. f5+ Ke7 29. h3 Bd8 30. Kd5 Kd7 31. g4 Be7 32. h4 h6 33. Bd2 Bf8 34. g5 hxg5 35. hxg5 Be7 36. g6 {[#] g7 would kill now.} Bf8 37. Bc3 Bg7 38. a3 {Accuracy: White = 100%, Black = 46%.} 1-0

[Event "Bicaz City Cup 2020"]
[Site "Bicaz"]
[Date "2020.03.07"]
[Round "4.13"]
[White "Hejja, Adam-Peter"]
[Black "Cimpoiasu, Dan"]
[Result "0-1"]
[WhiteElo "1356"]
[BlackElo "1884"]
[Annotator "NA RC"]
[PlyCount "76"]
[EventDate "2020.03.05"]
[EventType "swiss"]
[EventCountry "ROU"]
[SourceTitle "playchess.com"]
[Source "ChessBase"]
[SourceQuality "1"]
[TimeControl "5400+30"]

1. e4 {[%emt 0:03:02]} e6 {[%emt 0:06:46]} 2. d4 {[%emt 0:01:36]} d5 {[%emt 0:00:39]} 3. Nc3 {[%emt 0:01:34]} Bb4 {[%emt 0:00:39]} 4. e5 {[%emt 0:04:59]} c5 {[%emt 0:00:34]} 5. a3 {[%emt 0:06:01]} Bxc3+ {[%emt 0:02:13]} 6. bxc3 {[%emt 0:00:11]} Ne7 {[%emt 0:01:09]} 7. Be2 {[%emt 0:03:52]} O-O {[%emt 0:04:18]} 8. f4 {[%emt 0:03:21]} b6 {[%emt 0:11:35]} 9. Nf3 {[%emt 0:01:44]} Ba6 {[%emt 0:00:28]} 10. Bxa6 {[%emt 0:02:18]} Nxa6 {[%emt 0:00:09]} 11. O-O {[%emt 0:02:05]} Nb8 {[%emt 0:00:38]} 12. Qe1 {[%emt 0:03:36]} Nbc6 {[%emt 0:02:53]} 13. g4 {[%emt 0:03:28]} Rc8 {[%emt 0:10:01]} 14. Ra2 {[%emt 0:09:03]} Qd7 {[%emt 0:05:55]} 15. Qh4 {[%emt 0:04:25]} f5 {[%emt 0:03:14]} 16. g5 {[%emt 0:09:40]} Na5 {[%emt 0:01:46]} 17. Qg3 {[%emt 0:01:28]} cxd4 {[%emt 0:04:41]} 18. cxd4 {[%emt 0:04:26]} Rc6 {[%emt 0:01:31]} 19. Bd2 {[%emt 0:03:37]} Nc4 {[%emt 0:00:53]} 20. Rc1 {[%emt 0:02:06]} Rfc8 {[%emt 0:01:09]} 21. Be1 {[%emt 0:03:25]} Qc7 {[%emt 0:04:40]} 22. h4 {[%emt 0:03:44]} Ne3 {[%emt 0:04:34]} 23. c3 {[%emt 0:01:26]} b5 {[%emt 0:02:56]} 24. Nh2 {[%emt 0:03:34]} Nc4 {[%emt 0:01:33]} 25. Rb1 {[%emt 0:03:09]} Qa5 {[%emt 0:01:08]} 26. Rba1 {[%emt 0:04:52]} Nb6 {[%emt 0:02:00]} 27. c4 {[%emt 0:02:26]} Qa4 {[%emt 0:03:33]} 28. c5 {[%emt 0:00:41]} Nc4 {[%emt 0:02:20]} 29. Bb4 {[%emt 0:03:56]} R6c7 {[%emt 0:02:21]} 30. h5 {[%emt 0:01:06]} Nc6 {[%emt 0:00:46]} 31. Qc3 {[%emt 0:01:44]} a5 {[%emt 0:00:29]} 32. Nf3 {[%emt 0:00:53]} axb4 {[%emt 0:01:06]} 33. axb4 {[%emt 0:00:26]} Qxb4 {[%emt 0:00:22]} 34. Qxb4 {[%emt 0:00:19]} Nxb4 {[%emt 0:00:14]} 35. Ra8 {[%emt 0:00:49]} Nd3 {[%emt 0:03:27]} 36. Rxc8+ {[%emt 0:00:51]} Rxc8 {[%emt 0:00:20]} 37. g6 {[%emt 0:00:54]} hxg6 {[%emt 0:02:03]} 38. hxg6 {[%emt 0:00:11]} Nxf4 {[%emt 0:00:18]} 0-1

[Event "Bicaz City Cup 2020"]
[Site "Bicaz"]
[Date "2020.03.07"]
[Round "4.15"]
[White "Ienasoaie, Gabriel"]
[Black "Stegariu, Alexandru"]
[Result "0-1"]
[WhiteElo "1685"]
[BlackElo "2129"]
[Annotator "TA"]
[PlyCount "83"]
[EventDate "2020.03.05"]
[EventType "swiss"]
[EventCountry "ROU"]
[SourceTitle "playchess.com"]
[Source "ChessBase"]
[SourceQuality "1"]

{[%evp 9,83,14,7,10,0,8,14,-25,14,-58,-58,-57,-63,-70,-45,-149,-131,-131,-134,-140,-137,-144,-152,-150,-123,-114,-107,-177,-158,-172,-172,-170,-173,-159,-161,-202,-160,-225,-147,-460,-305,-469,-448,-725,-568,-572,-466,-461,-458,-411,-118,-278,-235,-239,-235,-250,-217,-231,-237,-233,-229,-233,-212,-223,-215,-216,-209,-256,-254,-280,-206,-362,-342,-312,-224,-593]} 1. d4 Nf6 2. c4 g6 3. Nc3 d5 4. cxd5 Nxd5 5. e3 Bg7 6. Bc4 {D85: Exchange Grünfeld: Unusual White 7th moves and lines with 7 Nf3.} Nb6 7. Bb3 O-O 8. Bd2 {The position is equal.} Na6 {[#]} 9. Nce2 $146 (9. Nf3 $11) ({Predecessor:} 9. Qf3 Nb4 10. Nd1 Nd3+ 11. Ke2 c5 12. Kxd3 c4+ 13. Ke2 cxb3 14. axb3 Be6 15. Ra3 {0-1 (29) Gurgenidze,B (2495)-Tseshkovsky,V (2595) Kislovodsk 1982}) 9... c5 $15 10. Bc3 Nd5 11. Qd2 b5 12. e4 ({Better is} 12. Ba5 $15 Nb6 13. f4) 12... Nf6 $17 {Hoping for ...b4.} 13. e5 Ne4 $36 {[%mdl 2048] Black has strong initiative.} 14. Qe3 {[#]} Bb7 $1 15. f3 Nxc3 16. bxc3 Qa5 {aiming for ...cxd4.} 17. Kf2 b4 18. cxb4 (18. f4 $17 {is a better defense.}) 18... cxd4 $19 ({Not} 18... cxb4 19. h4 $14) ({Much less strong is} 18... Qxb4 19. Rb1 $15) 19. bxa5 dxe3+ 20. Kxe3 Bxe5 21. Rb1 Nc5 22. Nh3 Rfd8 23. Nf2 (23. Rhc1 $17 {was necessary.} Rac8 24. Ng5 Rd3+ 25. Kf2 Rxb3 26. Rxb3 Nxb3 27. Rxc8+ Bxc8 28. axb3) 23... Ba6 24. Ng4 $2 {[%mdl 8192]} (24. Rhc1 $17 Nxb3 25. axb3) 24... Rd3+ 25. Kf2 {[#]} Rd2 $1 {[%mdl 512]} 26. Rhe1 (26. Bxf7+ $142 Kg7 27. Nxe5 Rxe2+ {[%mdl 64] Double Attack} 28. Kg3 Rxe5 29. Bb3) 26... Bc3 27. Kf1 Bxa5 28. Ne5 Nxb3 29. axb3 Rd5 $2 (29... Rc2 $19 30. Ra1 Bxe1 31. Rxa6 Bb4) 30. b4 $2 (30. Nc6 $17 Kg7 31. Nxa5 Rxa5 32. b4) 30... Bxb4 ({Don't take} 30... Rxe5 31. bxa5 Rc8 32. Rb2 $19) 31. Rxb4 Rxe5 32. Kf2 Rc8 33. Nd4 Rxe1 34. Kxe1 {[%mdl 4096] Endgame KRB-KRN} e5 35. Nb3 Rc2 {Strongly threatening ...Re2+.} 36. Nd2 Ra2 37. h4 Kg7 38. g4 f5 39. g5 h6 40. Nc4 $2 (40. Nb3) 40... hxg5 41. hxg5 Rg2 42. Nxe5 $2 {Accuracy: White = 47%, Black = 67%.} (42. Ra4 {is more resistant.} Bxc4 43. Rxc4) 0-1

[Event "Bicaz City Cup 2020"]
[Site "Bicaz"]
[Date "2020.03.07"]
[Round "4.16"]
[White "David, Alexandru-Vasile"]
[Black "Lupu, Ovidiu-Jean"]
[Result "1/2-1/2"]
[WhiteElo "2428"]
[BlackElo "2129"]
[Annotator "TA"]
[PlyCount "41"]
[EventDate "2020.03.05"]
[EventType "swiss"]
[EventCountry "ROU"]
[SourceTitle "playchess.com"]
[Source "ChessBase"]
[SourceQuality "1"]

{[%evp 12,41,31,28,29,16,16,22,60,7,11,9,10,-2,29,-3,0,0,0,0,72,87,160,134,257,150,136,151,138,138,170,143]} 1. e4 c5 2. Nc3 a6 3. g3 b5 4. Bg2 Bb7 5. d3 e6 6. f4 Nf6 7. Nf3 d5 {B23: Closed Sicilian: Lines without g3.} 8. e5 Nfd7 $1 {8...Nfd7 is better than 8...d4.} 9. O-O {aiming for f5.} Nc6 {The position is equal.} 10. Ne2 (10. f5 $1 $14) 10... Be7 $11 11. d4 a5 12. Be3 b4 13. c3 {[#]} Ba6 $146 ({Predecessor:} 13... g6 14. g4 h5 15. h3 hxg4 16. hxg4 Ba6 17. a3 bxa3 18. bxa3 Nb6 19. Bf2 Nc4 {0-1 (58) Wall,T (2183)-Pritchett,C (2338) Leeds 2016}) 14. Rf2 g6 15. g4 Bxe2 (15... h5 $1 $11 {remains equal.}) 16. Qxe2 $16 c4 ({Black should try} 16... h5) 17. f5 Qb6 (17... a4 $16) 18. fxe6 ({White should play} 18. Ng5 $18 Bxg5 19. Bxg5) 18... fxe6 {White is clearly better.} 19. Ng5 Nd8 20. Raf1 Ra7 {[#]} 21. Nf7 $1 {Accuracy: White = 70%, Black = 43%.} 1/2-1/2

[Event "Bicaz City Cup 2020"]
[Site "Bicaz"]
[Date "2020.03.07"]
[Round "4.16"]
[White "Vasile, Alexandru"]
[Black "Lupu, Ovidiu"]
[Result "1/2-1/2"]
[WhiteElo "1658"]
[BlackElo "2009"]
[Annotator "TA"]
[PlyCount "41"]
[EventDate "2020.03.05"]
[EventType "swiss"]
[EventCountry "ROU"]
[SourceTitle "playchess.com"]
[Source "ChessBase"]
[SourceQuality "1"]

{[%evp 12,41,25,16,32,19,28,19,20,8,7,2,14,-11,5,-8,18,0,6,1,79,68,145,162,234,128,151,112,122,131,110,123]} 1. e4 c5 2. Nc3 a6 3. g3 b5 4. Bg2 Bb7 5. d3 e6 6. f4 Nf6 7. Nf3 d5 {B23: Closed Sicilian: Lines without g3.} 8. e5 Nfd7 $1 {8...Nfd7 scores better than 8...d4.} 9. O-O {Strongly threatening f5.} Nc6 {The position is equal.} 10. Ne2 Be7 11. d4 a5 12. Be3 b4 13. c3 {[#]} Ba6 $146 ({Predecessor:} 13... g6 14. g4 h5 15. h3 hxg4 16. hxg4 Ba6 17. a3 bxa3 18. bxa3 Nb6 19. Bf2 Nc4 {0-1 (58) Wall,T (2183)-Pritchett,C (2338) Leeds 2016}) 14. Rf2 g6 15. g4 Bxe2 (15... h5 $11 {keeps the balance.}) 16. Qxe2 $16 c4 {[#]} (16... h5 $14) 17. f5 $1 {[%mdl 512]} Qb6 (17... a4 {is a better defense.}) (17... exf5 18. gxf5) 18. fxe6 (18. Ng5 $18 Bxg5 19. Bxg5) 18... fxe6 19. Ng5 Nd8 20. Raf1 Ra7 21. Nf7 {Accuracy: White = 76%, Black = 56%.} 1/2-1/2

[Event "Bicaz City Cup 2020"]
[Site "Bicaz"]
[Date "2020.03.07"]
[Round "4.16"]
[White "Vasile, Alexandru"]
[Black "Lupu, Ovidiu-Jean"]
[Result "1/2-1/2"]
[WhiteElo "1658"]
[BlackElo "2129"]
[Annotator "TA"]
[PlyCount "41"]
[EventDate "2020.03.05"]
[EventType "swiss"]
[EventCountry "ROU"]
[SourceTitle "playchess.com"]
[Source "ChessBase"]
[SourceQuality "1"]

{[%evp 12,41,14,0,12,0,0,0,64,12,10,8,11,0,20,6,18,2,0,-33,76,84,152,152,259,139,141,137,137,125,160,157]} 1. e4 c5 2. Nc3 a6 3. g3 b5 4. Bg2 Bb7 5. d3 e6 6. f4 Nf6 7. Nf3 d5 {B23: Closed Sicilian: Lines without g3.} 8. e5 Nfd7 $1 {8...Nfd7 is better than 8...d4.} 9. O-O {Black must now prevent f5.} Nc6 (9... Be7 $11) 10. Ne2 ({Better is} 10. f5 $1 $14) 10... Be7 $11 11. d4 a5 12. Be3 b4 13. c3 {[#]} Ba6 $146 ({Predecessor:} 13... g6 14. g4 h5 15. h3 hxg4 16. hxg4 Ba6 17. a3 bxa3 18. bxa3 Nb6 19. Bf2 Nc4 {0-1 (58) Wall,T (2183)-Pritchett,C (2338) Leeds 2016}) 14. Rf2 g6 15. g4 Bxe2 (15... h5 $1 $15) 16. Qxe2 $16 c4 {[#]} (16... h5 $142) 17. f5 $1 {[%mdl 512]} Qb6 (17... a4 $16 {is a better defense.}) (17... exf5 18. gxf5) 18. fxe6 (18. Ng5 $18 Bxg5 19. Bxg5) 18... fxe6 19. Ng5 Nd8 20. Raf1 Ra7 {[#]} 21. Nf7 $1 {Accuracy: White = 67%, Black = 45%.} 1/2-1/2